| 000 | 02126nam0a2200361 4500 | ||
|---|---|---|---|
| 001 | RU\NLR\bibl\1710868 | ||
| 005 | 20260407103207.0 | ||
| 010 |
_a978-5-8156-0294-6 _9500 |
||
| 021 |
_aRU _b2010-88610 _95946 |
||
| 035 | _a(NLR Aleph) 001701898 | ||
| 090 |
_a1225686 _c1225686 |
||
| 100 | _a20101209d2010 |||y0rusy50 ca | ||
| 101 | 0 | _arus | |
| 102 | _aRU | ||
| 105 | _aa ||||||||| | ||
| 200 | 1 |
_aТеоретико-методологические основы проектирования гуманитарных технологий в образовании _eмонография _f[Н.В. Акамова, Ж.Ю. Бакаева, Л.Ю. Беленкова и др.] _gпод ред. Т.И. Шукшиной _gМ-во образования и науки РФ, Гос. образоват. учреждение высш. пед. образования "Мордовский гос. пед. ин-т им. М.Е. Евсевьева", Науч.-образоват. центр "Гуманитар. науки и образование" |
|
| 210 |
_aСаранск _cГОУ ВПО "Мордовский государственный педагогический институт имени М.Е. Евсевьева", Редакционно-издательский центр _d2010 |
||
| 215 |
_a213 с. _cсхем. _d21 |
||
| 300 | _aАвт. указаны на обороте тит. л. | ||
| 320 | _aБиблиогр. в конце гл. | ||
| 606 | 1 |
_aОбразование _xГуманитаризация _92441821 _3RU\NLR\auth\661452584 |
|
| 686 | _aЧ312.1 | ||
| 701 | 1 |
_aАкимова _bН. В. _4070 |
|
| 701 | 1 |
_aБакаева _bЖ. Ю. _4070 |
|
| 701 | 1 |
_aБеленкова _bЛ. Ю. _4070 |
|
| 702 | 1 |
_aШукшина _bТ. И. _gТатьяна Ивановна _4340 |
|
| 712 | 0 | 2 |
_4570 _aМордовский государственный педагогический институт им. М. Е. Евсевьева _cСаранск _3RU\NLR\AUTH\889931834 _9359069 |
| 801 | 0 |
_aRU _bNLR _c20101209 _gRCR |
|
| 801 | 1 |
_aRU _bNLR _c20101209 |
|
| 942 | _cBOOK | ||
| 980 | _aNB | ||
| 980 | _aNBR | ||